Detalles MARC
| 000 -CABECERA |
| campo de control de longitud fija |
00800cam a22002171 4500 |
| 001 - NÚMERO DE CONTROL |
| campo de control |
000019860 |
| 005 - FECHA Y HORA DE LA ÚLTIMA TRANSACCIÓN |
| campo de control |
20200929170152.0 |
| 008 - DATOS DE LONGITUD FIJA--INFORMACIÓN GENERAL |
| campo de control de longitud fija |
710326m19691971njuach b 000 0beng |
| 010 ## - NÚMERO DE CONTROL DE LA BIBLIOTECA DEL CONGRESO |
| Número de control de LC |
68054197 |
| 040 ## - FUENTE DE LA CATALOGACIÓN |
| Centro catalogador/agencia de origen |
DO-SdBNP |
| Centro/agencia transcriptor |
DLC |
| Centro/agencia modificador |
DLC |
| 050 00 - SIGNATURA TOPOGRÁFICA DE LA BIBLIOTECA DEL CONGRESO |
| Número de clasificación |
DA565.C6 |
| Número de documento/Ítem |
M3 |
| 082 00 - NÚMERO DE LA CLASIFICACIÓN DECIMAL DEWEY |
| Número de clasificación |
942.081/0924 |
| -- |
B |
| 100 1# - ENTRADA PRINCIPAL--NOMBRE DE PERSONA |
| Nombre de persona |
Martin, Ralph G., |
| Fechas asociadas al nombre |
1920- |
| 9 (RLIN) |
42381 |
| 245 10 - MENCIÓN DE TÍTULO |
| Título |
Jennie: the life of Lady Randolph Churchill, / |
| Mención de responsabilidad, etc. |
by Ralph G. Martin. |
| 260 ## - PUBLICACIÓN, DISTRIBUCIÓN, ETC. |
| Lugar de publicación, distribución, etc. |
Englewood Cliffs, N.J., : |
| Nombre del editor, distribuidor, etc. |
Prentice-Hall, |
| Fecha de publicación, distribución, etc. |
[1969-71]. |
| 300 ## - DESCRIPCIÓN FÍSICA |
| Extensión |
2 v. : |
| Otras características físicas |
illus., facsims., ports. ; |
| Dimensiones |
24 cm. |
| 504 ## - NOTA DE BIBLIOGRAFÍA, ETC. |
| Nota de bibliografía, etc. |
Includes bibliographical references. |
| 505 0# - NOTA DE CONTENIDO CON FORMATO |
| Nota de contenido con formato |
v. 1. The romantic years, 1854-1895.--v. 2. The dramatic years, 1895-1921. |
| 600 10 - PUNTO DE ACCESO ADICIONAL DE MATERIA--NOMBRE DE PERSONA |
| Nombre de persona |
Churchill, Randolph Spencer, |
| Títulos y otros términos asociados al nombre |
Lady, |
| Fechas asociadas al nombre |
1854-1921. |
| 9 (RLIN) |
42382 |
| 910 ## - DATOS DE OPCIÓN DEL USUARIO (OCLC) |
| Datos de opción del usuario |
Catalogación derivada / LC |